00389 2200157 4500001002100000005001500021035002000036245004200056100001700098300002600115260003400141082000800175084001400183020002200197990001200219INLIS00000000000295820250917015523 a0010-09250003051 aCurahan Hati Sang SPG /cWenda Koiman0 aWenda Koiman a228 hlm ;c13 x 19 cm aJakarta :bStory House,c2013 a813 a813 WEN c a978-602-9895-17-9 a0755674